00000000cam 2200000zi 4500
0019.956688
003CaOODSP
00520260601145927
006m     o  d f      
007cr cn ||||||||
008251024e202601##oncdaa  ob   f000 0 eng d
020 |a9780660794839
040 |aCaOODSP|beng|erda|cCaOODSP
043 |an-cn---
0861 |aNR24-137/2025E-PDF
1001 |aPantelimon Negrut, Viorel, |eauthor.
24510|aFrom knowledge to action : |bdefining future directions and increasing the impact of climate resilient infrastructure guidance in Canada : workshop report / |cPantelimon Negrut, Adam Viorel; Desat, Marla; Armstrong, Marianne.
264 1|aOttawa : |bNational Research Council Canada = Conseil national de recherches Canada, |cJanuary 2026.
264 4|c©2025
300 |a1 online resource (1 volume (various pagings)) : |bcharts, illustrations, maps
336 |atext|btxt|2rdacontent
337 |acomputer|bc|2rdamedia
338 |aonline resource|bcr|2rdacarrier
500 |aIssued also in French under title: De la connaissance à l'action : définir les orientations futures et augmenter l'impact des documents d'orientation en matière de résilience climatique pour les infrastructures au Canada.
504 |aIncludes bibliographical references.
520 |a"Since 2016, Housing, Infrastructure and Communities Canada (HICC, formerly Infrastructure Canada) has been collaborating with the National Research Council Canada (NRC) and the Standards Council of Canada (SCC) to develop guidance, such as standards, guidelines and decision-making tools, to increase the climate resilience of housing and infrastructure. This guidance aims to help Canadians make better informed decisions about built and natural infrastructure (including housing), at the site- and community-scale in the context of a rapidly changing climate. Results of national relevance include the availability of future climate design values, and over 60 guidance documents, including construction specifications, guides, guidelines, standards and updates for model codes"--Introduction, page 8.
650 0|aHousing|xEnvironmental aspects|zCanada.
650 0|aInfrastructure (Economics)|xEnvironmental aspects|zCanada.
650 0|aClimate change adaptation|xGovernment policy|zCanada.
7102 |aNational Research Council Canada, |eissuing body.
77508|tDe la connaissance à l’action : |w(CaOODSP)9.956689
85640|qPDF|s12.50 MB|uhttps://publications.gc.ca/collections/collection_2026/cnrc-nrc/NR24-137-2025-eng.pdf
8564 |qHTML|sN/A|uhttps://doi.org/10.4224/40003953